00450 2200181 4500001002100000005001500021008004100036020002200077035001900099041000700118082001100125090001700136100001600153245003400169260002000203300003100223650001400254INLIS00000000000266020241224112559241224||||||||| | ||| |||| || |  a978-979-709-388-4 0010-1224002660 aid0 a796.48 a796.48 SIR m0 aM F Siregar00aMata Hari Olah Raga Indonesia aJakartabKompas axxxviii+298 hlm;14 x 21 cm 0aOlah Raga